000 00744nam a2200229 a 4500
001 000009921
005 20200929161749.0
008 091002s2002 dr a 001 p spa d
040 _aDO-SdBNP
082 _aCu861.44
_bC656a
100 1 _aCobián Figeroux, Ricardo
_d1952-
_924853
245 1 0 _aAnatomía del deseo /
_cRicardo Cobián Figeroux.
260 _aSanto Domingo,
_aSan Juan, Puerto Rico :
_bIsla Negra,
_c2002.
300 _a145 p. :
_bil ;
_c22 cm.
490 1 _aFilo de juego
500 _aIncluye datos biográficos del autor en la solapa de la cubierta
650 4 _aPoesía cubana
_95226
650 4 _aLiteratura cubana
_91483
830 0 _aFilo de juego
_91014
910 _aValidado. Control de calidad MFF
049 _aBNGR
999 _c9680
_d9680